01099nas a2200337 4500001001000000003000900010005001700019007000300036008003400039040005400073041000900127072000800136100001800144100001700162100002200179100001900201245007600220650001100296650002700307650001900334650001500353650001800368650001100386650001300397650001900410773010200429909004000531942001800571999001900589952015300608BR0103614BR-BrBNA20231205102358.0ta230509b bl.|||p| |||| 00| 00por d aBR-BrBNAbporcBiblioteca Nacional de Agricultura a(En) aL701 aNorberg, A.N.1 aGazeta, G.S.1 aAboud-Dutra, A.E.1 aFreire, N.M.S.1 aListeria monocytogenes in horses on the state of Rio de Janeiro, Brazil aEquino aAnalise de Laboratorio aSoro-Sanguineo aListeriose aDoenca Animal aAborto aBacteria aRio de Janeiro0 tRevista de Ciencias Agrarias (Brazil)xISSN 1517-591Xg(Jan-Jun 1999), no. 31 p. 87-91wBR0103614 a202311bLúciac55dLúcia Elande 2AGRISn0cANA c167274d167274 002AGRIS4071a41918b41918cPeriódicos Agrícolash(Jan-Jun 1999), no. 31 p. 87-91l0r2023-11-29t01yCRePortaria Interministerial nº 164/94